[Event "AUT-ch U14"]
[Site "St Veit"]
[Date "2023.06.08"]
[Round "2"]
[White "Stoegerer, Konstantin"]
[Black "Ortner, Sebastian"]
[Result "1-0"]
[WhiteElo "1489"]
[BlackElo "1787"]
[PlyCount "71"]
[EventDate "2023.06.08"]
[EventType "swiss"]
[EventRounds "7"]
[EventCountry "AUT"]
[SourceTitle "EXT 2024"]
[Source "ChessBase"]
[SourceDate "2023.10.10"]
[SourceVersion "1"]
[SourceVersionDate "2023.10.10"]
[SourceQuality "1"]

1. d4 d5 2. Bf4 Nf6 3. e3 c6 4. c3 Nbd7 5. Nf3 Nb6 6. Bd3 Bg4 7. Nbd2 e6 8. Qc2 Bd6 9. Bg3 Bh5 10. a4 a5 11. Ne5 Bg6 12. Bh4 Bxd3 13. Qxd3 Nbd7 14. f4 Qc7 15. 0-0 0-0 16. Rf3 c5 17. Rh3 g6 18. Bg5 Rfb8 19. Qe2 Ne8 20. Qf2 Nf8 21. Qh4 Ng7 22. g4 Re8 23. Ndf3 cxd4 24. exd4 Be7 25. Rf1 Qd8 26. Bxe7 Qxe7 27. Ng5 Nf5 28. gxf5 f6 29. fxg6 fxg5 30. gxh7+ Nxh7 31. fxg5 Rf8 32. Rxf8+ Rxf8 33. Ng6 Qxg5+ 34. Qxg5 Nxg5 35. Rh8+ Kg7 36. Rxf8 1-0